Fr. Conceicao Rodrigues College of Engineering

Energy And Way We Live (Record no. 30114)

MARC details
000 -LEADER
fixed length control field 00324nam a2200145Ia 4500
082 ## - DEWEY DECIMAL CLASSIFICATION NUMBER
Classification number 333.7
Item number Kra
100 ## - MAIN ENTRY--PERSONAL NAME
Personal name Kranzberg & Other .(ed.)
245 ## - TITLE STATEMENT
Title Energy And Way We Live
260 ## - PUBLICATION, DISTRIBUTION, ETC.
Name of publisher, distributor, etc. Boyd & Fraser
Place of publication, distribution, etc. San Francisco
Date of publication, distribution, etc. 1980
300 ## - PHYSICAL DESCRIPTION
Extent 496
546 ## - LANGUAGE NOTE
Language note ENGLISH
650 ## - SUBJECT ADDED ENTRY--TOPICAL TERM
Topical term or geographic name entry element General
654 ## - SUBJECT ADDED ENTRY--FACETED TOPICAL TERMS
Focus term Energy
942 ## - ADDED ENTRY ELEMENTS (KOHA)
Koha item type Reference Book
Holdings
Withdrawn status Lost status Damaged status Not for loan Collection Home library Current library Shelving location Date acquired Total Checkouts Full call number Barcode Date last seen Price effective from Koha item type
        AFT Fr. Agnel's C.Rodrigues College of Engineering Fr. Agnel's C.Rodrigues College of Engineering   17/03/2023   333.7 Kra AFT6818 17/03/2023 17/03/2023 Reference Book